Ministro Milton Luiz Pereira: Narrativas de uma trajetória exemplar
Na minha lista:
| Formato: | Livro |
|---|---|
| Idioma: | português |
| Publicado em: |
Brasilia
Centro de Estudos Judiciários
2013
|
| Edição: | 1a. ed |
| Assuntos: | |
| Tags: |
Adicionar Tag
Sem tags, seja o primeiro a adicionar uma tag!
|
MARC
| LEADER | 00000cam a2200000 a 4500 | ||
|---|---|---|---|
| 001 | UCE4321 | ||
| 003 | CL-VaPUC | ||
| 008 | 141016e20131200bl |||||||||||||||||por|d | ||
| 020 | |a 9788582960042 | ||
| 082 | 0 | 4 | |a 340.09281 |b MIN |2 21 |
| 245 | 1 | 0 | |a Ministro Milton Luiz Pereira: Narrativas de uma trajetória exemplar |
| 250 | |a 1a. ed | ||
| 300 | |a 296 p | ||
| 942 | |c BK | ||
| 945 | |d 20141016 12:02:00 |a arojas | ||
| 260 | |a Brasilia |b Centro de Estudos Judiciários |c 2013 | ||
| 650 | 0 | |a Biografías |9 255210 | |
| 650 | 0 | |a Juristas |9 255986 | |
| 650 | 0 | |a Políticos |9 256302 | |
| 651 | 0 | |a Brasil |9 267393 | |
| 583 | |a last modification |c 20141028 02:02:29 |k Rodrigo Vera | ||
| 999 | |c 357324 |d 357322 | ||
| 952 | |0 0 |1 0 |3 erb |4 0 |6 340_092810000000000_MIN_2013 |7 0 |8 A |9 465207 |a BIBDER |b BIBDER |i 5119545 |o 340.09281 MIN 2013 |p 5119545 |r 2023-01-25 |w 2019-11-23 |y BK |z Catalogado en:20141016 |k DER | ||